MARC

LEADER 00000cam a2200000 7i4500
001 0000001477
005 20010702.0
020 0 0 |a 2880326044 
090 0 0 |a 333.95822   |b COL 1985 
100 1 0 |a COLLAR   |h N. J. 
245 1 0 |a Threatened birds of Africa and related islands   |c compiled by N.J. Collar and S.N. Stuart ; with 12 colour plates by Norman Arlott 
250 0 0 |a 3rd ed. 
260 0 0 |a Cambridge, U.K. :   |b International Council for Bird Preservation ; Gland, Switzerland : International Union for Conservation of Nature and Natural Resources ,   |c 1985 
300 |a xxxiv, 761 p., [12] p. of plates :   |b col. ill. ;   |c 24 cm. 
440 0 0 |a The ICBP/IUCN red data book ; pt. 1 
500 0 0 |a Includes bibliographies and index 
650 0 0 |a Birds, Protection of   |z Africa 
650 0 0 |a Rare birds   |z Africa 
700 0 1 |a Stuart   |h S. N. 
710 1 1 |a International Council for Bird Preservation (ICBP) 
710 1 1 |a International Union for Conservation of Nature and Natural Resources 
998 |a JPSM 
999 |a 0000002209   |b Monograph   |c Open Shelf   |e Default branch